Regional outlook Southeast Asia 2008-2009.
| Format: | Book |
|---|---|
| Published: |
Singapore:
Institute of Southeast Asian Studies,
2008.
|
| Subjects: |
| LEADER | 00540cam a2200169 7i4500 | ||
|---|---|---|---|
| 001 | 0000023720 | ||
| 005 | 20091022090000.0 | ||
| 020 | 0 | 0 | |a 978-981-230-767-5 |
| 090 | 0 | 0 | |a SEA 330.9 |b REG |
| 245 | 0 | 0 | |a Regional outlook Southeast Asia 2008-2009. |
| 260 | 0 | 0 | |a Singapore: |b Institute of Southeast Asian Studies, |c 2008. |
| 300 | # | # | |a 159 p. |
| 650 | 0 | 0 | |a ASEAN |
| 650 | 0 | 0 | |a Southeast Asia -- |x Economic conditions |
| 650 | 0 | 0 | |a Southeast Asia -- |x Political aspects |
| 651 | 0 | 0 | |a Southeast Asia |
| 999 | |a B000025488 |b Book |c Regions |e Business Information Centre | ||


